ბათუმის შოთა რუსთაველის სახელმწიფო უნივერსიტეტის ბიბლიოთეკა

მეთოდური მითითებები ლაბორატორიული სამუშაოების შესასრულებლად გრუნტების მექანიკაში / (ბიბ.ჩანაწერი № 56500)

000 -ლიდერი
ფიქსირებული სიგრძის საკონტროლო ველი 01414nam a2200229Ia 4500
001 - საკონტროლო ნომერი
საკონტროლო ველი 23613
003 - საკონტროლო ნომრის იდენტიფიკატორი
საკონტროლო ველი GE_BSU
005 - ბოლო ოპერაციის თარიღი და დრო
საკონტროლო ველი 20191029105251.0
008 - ფიქსირებული სიგრძის მონაცემთა ელემენტები - ზოგადი ინფორმაცია
ფიქსირებული სიგრძის საკონტროლო ველი 181216s2017||||ge |||||||||||||| ||geo||
020 ## - წიგნის საერთაშორისო სტანდარტული ნომერი
International Standard Book Number 9789941462740
041 ## - ენის კოდი
Language code of text/sound track or separate title geo
080 ## - უნივერსალური ათობითი კლასიფიკაციის ინდექსი
Universal Decimal Classification number 624.131.71 ქ-56
100 ## - მთავარი ჩანაწერი - პიროვნების სახელი
Personal name ქიქავა, თეიმურაზ.
9 (RLIN) 2252
245 ## - ცნობა სათაურის შესახებ
Title მეთოდური მითითებები ლაბორატორიული სამუშაოების შესასრულებლად გრუნტების მექანიკაში /
Statement of responsibility, etc თ.ქიქავა ; რედ : გიზო ფარცხალაძე .
264 ## - წარმოების, გამოცემის, დისტრიბუციის და სხვა ცნობები
გამოცემის, წარმოების, დისტრიბუციის... ადგილი ბათუმი :
გამოცემის, წარმოების, დისტრიბუციის... სახელწოდება ბათუმის შოთა რუსთაველის სახ. უნ-ტი,
გამოცემის, წარმოების, დისტრიბუციის... თარიღი 2017.
300 ## - ფიზიკური აღწერა
Extent 64 გვ .:
Other physical details ილ ;
Dimensions 21 სმ.
504 ## - BIBLIOGRAPHY, ETC. NOTE
Bibliography, etc ბიბლიოგრ. გვ.63
653 ## - INDEX TERM--UNCONTROLLED
Uncontrolled term გრუნტების ფიზიკურ-მექანიკური მახასიათებლები.
653 ## - INDEX TERM--UNCONTROLLED
Uncontrolled term მეთოდური მითითებები ლაბორატორიული სამუშაოების შესასრულებლად გრუნტების მექანიკაში.
700 ## - ADDED ENTRY--PERSONAL NAME
Personal name ფარცხალაძე, გიზო
Relator term რედაქტორი
9 (RLIN) 1753
942 ## - ADDED ENTRY ELEMENTS (KOHA)
Koha item type წიგნი
Source of classification or shelving scheme
ეგზემპლარები
ჩამოწერის სტატუსი დაკარგული ეგზემპლარის სტატუსი კლასიფიკაციის წყარო ან თაროზე გაწყობის სქემა დაზიანების სტატუსი არ გაიცემა მუდმივი მდებარეობა (დაცვის ადგილი) ამჟამინდელი ადგილსამყოფელი თაროზე განთავსების ადგილი შეძენის თარიღი ღირებულება, შესყიდვის ნორმალური ფასი სრული შენახვის შიფრი შტრიხკოდი ბოლო ოპერაციის თარიღი ეგზემპლარის მიმდევრობითი ნომერი (კეტერი?) ფასის ძალაში შესვლის თარიღი ეგზემპლარის სახეობა საჯარო შენიშვნა
          ბათუმის შოთა რუსთაველის სახელმწიფო უნივერსიტეტის მთავარი ბიბლიოთეკა ბათუმის შოთა რუსთაველის სახელმწიფო უნივერსიტეტის მთავარი ბიბლიოთეკა წიგნსაცავი 2018-12-17 4.00 624.131.71 ქ-56 58886 2018-12-17 58886 2018-12-17 წიგნი 4. 51 თ.
          ბათუმის შოთა რუსთაველის სახელმწიფო უნივერსიტეტის მთავარი ბიბლიოთეკა ტექნოლოგიური ფაკულტეტის ბიბლიოთეკა წიგნსაცავი 2018-12-17 4.00 624.131.71 ქ-56 58883 2018-12-17 58883 2018-12-17 წიგნი 4. 51 თ.
          ბათუმის შოთა რუსთაველის სახელმწიფო უნივერსიტეტის მთავარი ბიბლიოთეკა ტექნოლოგიური ფაკულტეტის ბიბლიოთეკა წიგნსაცავი 2018-12-17 4.00 624.131.71 ქ-56 58884 2018-12-17 58884 2018-12-17 წიგნი 4. 51 თ.
          ბათუმის შოთა რუსთაველის სახელმწიფო უნივერსიტეტის მთავარი ბიბლიოთეკა ტექნოლოგიური ფაკულტეტის ბიბლიოთეკა წიგნსაცავი 2018-12-17 4.00 624.131.71 ქ-56 58885 2018-12-17 58885 2018-12-17 წიგნი 4. 51 თ.